000 00208 a2200097 4500
020 _a9780590291644
041 _aspa
100 _aImelda Rodriguez
245 _aRatoncito zapata y el Rey chimuelo
942 _cBK
999 _c11787
_d11787